000 01630cam a2200445 i 4500
001 1520217589
003 OCoLC
005 20260402160546.0
008 260127s2026 ilu d 000 f eng
010 _a2026003813
020 _a9781728276038
_qpaperback
020 _a1728276039
_qpaperback
035 _a(OCoLC)1520217589
040 _aDLC
_beng
_erda
_cDLC
_dOCLCO
_dTOH
_dCHILD
_dOCLCO
_dIG#
_dZGY
_dJCX
_dYDX
_dHFU
042 _apcc
050 0 0 _aPZ7.R3927
_bTw 2026
050 4 _aPS3618.I3346
_bT86 2026
082 1 4 _a813/.6
_a[Fic]
_223/eng/20260323
099 _aYA
_aR5174tw
100 1 _aRichards, Natalie D.,
_eauthor.
_4aut
_4http://id.loc.gov/vocabulary/relators/aut
_955638
245 1 0 _aTwo perfect lies /
_cNatalie Richards.
246 3 _a2 perfect lies.
300 _a338 pages ;
_c21 cm.
500 _a"Midnight reads"
520 _aAfter an incident that gave her a criminal record, high school junior Clara avoids being shunned when golden-girl Lily befriends her, but Clara soon discovers Lily's plan to frame Clara for future murders, forcing Clara to uncover the truth and clear her name before it is too late.
521 _aAges 14
_bSourcebooks.
521 _aGrades 10-12
_bSourcebooks.
650 0 _aFriendship
_vFiction.
650 0 _aHigh schools
_vFiction.
650 0 _aMurder
_vFiction.
650 1 _aMurder
_vFiction.
650 1 _aHigh schools
_vFiction.
650 1 _aSchools
_vFiction.
650 1 _aFriendship
_vFiction.
655 7 _aThrillers (Fiction)
_2lcgft.
655 7 _aNovels.
_2lcgft.
655 7 _aRomans.
_2rvmgf
_940739
907 _a.b519756587
942 _2ddc
_cBK
999 _c129589
_d129589